000 00858nam a2200253 a 4500
001 71542
003 BD-RjUL
005 20211209082128.0
008 170504s1975 bg a|||| |||| 00| 0 ben d
020 _c: Tk. 75.00
035 _a(BD-RjUL)71758
040 _aBD-RjUL
_bben
_cBD-RjUL
_dBD-RjUL
041 _aben
082 _223
_a657
_bSAU 1975
100 1 _aসরকার, কে. পি.
_9124097
245 1 0 _aউচ্চতর হিসাবশাস্ত্র /
_cকে. পি. সরকার,
250 _a২য় সং.
260 _aকগুড়া :
_bসাহিত্য কুটির,
_c১৯৭৫
300 _aখণ্ড. :
_bচিত্র ;
_c২৮ সেমি.
505 _aখণ্ড. ২ --
650 _aহিসাববিজ্ঞান
_9123415
650 _aAccounting
_9124098
942 _2ddc
_cBK
999 _c71542
_d71542